Turkey National Soccer Team 2022/23 - Statistics

General Stats
  • This quiz has been taken 89 times
  • The average score is 16 of 26
Answer Stats
Position Team Answer % Correct
GK Fenerbahçe SK Altay Bayındır
94%
GK Trabzonspor Uğurcan Çakır
90%
CB Atalanta BC Merih Demiral
89%
CM FC Internazionale Milano Hakan Çalhanoğlu
87%
CB Leicester City FC Çağlar Söyüncü
86%
RW Olympique de Marseille Cengiz Ünder
77%
LW Galatasaray SK Kerem Aktürkoğlu
77%
CB Norwich City Ozan Kabak
71%
ST Getafe Club de Futbol Enes Ünal
70%
LB Fenerbahçe SK Ferdi Kadıoğlu
70%
RB UD Sassuolo Mert Müldür
69%
CM Feyenoord Rotterdam Orkun Kökçü
67%
RB LOSC Lille Zeki Çelik
67%
CB UD Sassuolo Kaan Ayhan
64%
GK FC Stade Rennes Doğan Alemdar
61%
ST Fenerbahçe SK Serdar Dursun
56%
GK Çaykur Rizespor Gökhan Akkan
51%
RW Galatasaray SK Yunus Akgün
50%
ST Galatasaray SK Halil Dervişoğlu
49%
CM 1. FC Köln Salih Özcan
49%
CM Galatasaray SK Berkan Kutlu
47%
LB Kasımpaşa SK Eren Elmalı
37%
LW Antalyaspor Doğukan Sinik
33%
CM Trabzonspor Dorukhan Toköz
27%
ST Watford FC Tiago
21%
CB Oud-Heverlee Leuven Cenk Özkaçar
19%
No matching quizzes found
Score Distribution
Percent of People with Each Score
Percentile by Number Answered
Your Score History
You have not taken this quiz